Statistics for Every Player to Catch a Touchdown from Tua Tagovailoa

Click here to take the quiz!

General Stats

  • This quiz has been taken 30 times
    (29 since last reset)
  • The average score is 8 of 15

Answer Stats

NumberPlayer% Correct
12Jaylen Waddle
100%
3Tyreek Hill
100%
6Mike Gesicki
85%
3DeVante Parker
74%
1Durham Smythe
74%
1Jeff Wilson Jr
70%
1Raheem Mostert
67%
3Myles Gaskin
59%
1River Cracraft
56%
4Mack Hollins
37%
1Preston Williams
33%
1Christian Wilkins
19%
2Isaiah Ford
19%
1Jakeem Grant
19%
1Malcolm Perry
11%

Score Distribution

Percentile by Number Answered

Percent of People with Each Score

Your Score History

You have not taken this quiz since the last reset